La pittura (Record no. 107569)

MARC details
000 -LEADER
campo de control de longitud fija 00624nam a2200181 i 4500
001 - NÚMERO DE CONTROL
campo de control 107569
003 - IDENTIFICADOR DE NÚMERO DE CONTROL
campo de control ES-MaACL
005 - FECHA Y HORA DE LA ÚLTIMA TRANSACCIÓN
campo de control 20230906184440.0
007 - CAMPO FIJO DE DESCRIPCIÓN FÍSICA--INFORMACIÓN GENERAL
campo de control de longitud fija t|
008 - DATOS DE LONGITUD FIJA--INFORMACIÓN GENERAL
campo de control de longitud fija 061121s1913 it r ||||1| ita d
100 1# - ENTRADA PRINCIPAL--NOMBRE DE PERSONA
Nombre de persona Moreau-Vauthier, Ch.
9 (RLIN) 83218
245 13 - MENCIÓN DEL TÍTULO
Título La pittura
Resto del título : i diversi processi, la malattie dei colori, i quadri falsi /
Mención de responsabilidad, etc. per CH. Moreau-Vauthier et Ugo Ojetti; con prefazione di G. A. Sartorio.
260 ## - PUBLICACIÓN, DISTRIBUCIÓN, ETC.
Lugar de publicación, distribución, etc. Bergamo :
Nombre del editor, distribuidor, etc. Istituto Italiano d'Arte Grafiche,
Fecha de publicación, distribución, etc. 1913.
300 ## - DESCRIPCIÓN FÍSICA
Extensión XII, 264 p. ;
Dimensiones 21 cm.
700 1# - ENTRADA AGREGADA--NOMBRE PERSONAL
Nombre de persona Ojetti, Ugo.
9 (RLIN) 86620
700 1# - ENTRADA AGREGADA--NOMBRE PERSONAL
Nombre de persona Sartorio, G. A.
9 (RLIN) 103888
852 ## - LOCALIZACIÓN
Ubicación ES-MaACL
Número de control de estantería F-3294
Holdings
Estatus retirado Estado de pérdida Estado de daño No para préstamo Biblioteca de origen Biblioteca actual Ubicación en estantería Fecha de adquisición Fuente de adquisición Total de préstamos Signatura topográfica completa Código de barras Visto por última vez Precio de reemplazo Tipo de ítem Koha
        Biblioteca del Ateneo de Madrid Biblioteca del Ateneo de Madrid Depósito 2 17/01/2008     F-3294 1112263 23/02/2023 23/02/2023 Libro impreso